Khi con đơn độc

Salvato in:
Dettagli Bibliografici
Natura: Libro
Lingua:Undetermined
Pubblicazione: T. HCM Trẻ 2003
Soggetti:
Tags: Aggiungi Tag
Nessun Tag, puoi essere il primo ad aggiungerne! !
Thư viện lưu trữ: Trung tâm Học liệu Trường Đại học Cần Thơ
LEADER 00492nam a2200181Ia 4500
001 CTU_56679
008 210402s9999 xx 000 0 und d
020 |b 14000 
082 |a 649.1 
082 |b Kh300 
245 0 |a Khi con đơn độc 
245 0 |c Hải Châu và Thoại Lan biên dịch 
260 |a T. HCM 
260 |b Trẻ 
260 |c 2003 
650 |a child rearing,child care,children 
650 |x education 
980 |a Trung tâm Học liệu Trường Đại học Cần Thơ